[Event "50th Hastings it"]
[Site "Hastings ENG"]
[Date "1975.01.09"]
[Round "11"]
[White "Beliavsky, Alexander"]
[Black "Hort, Vlastimil"]
[Result "1/2-1/2"]
[WhiteElo "2460"]
[BlackElo "2600"]
[EventDate "1974.12.28"]
[WhiteTitle "IM"]
[BlackTitle "GM"]
[PlyCount "81"]

1.e4 d6 2.d4 Nf6 3.Nc3 g6 4.Be3 Bg7 5.Qd2 Ng4 6.Bg5 h6 7.Bh4 c6 8.O-O-O b5
9.f3 Nf6 10.Qe1 Qc7 11.e5 dxe5 12.dxe5 Nh5 13.g4 Nf4 14.Bf6 Ne6 15.Bxg7 
Nxg7 16.Qe4 Bb7 17.f4 Nd7 18.Bg2 O-O-O 19.Nf3 a6 20.Qe3 Nb6 21.Nd2 Ne6 22.
Rhf1 g5 23.fxg5 hxg5 24.Rxf7 Rxh2 25.Qg1 Rhh8 26.Nce4 Rd7 27.Nc5 Nxc5 28.
Qxc5 Rhd8 29.Bf3 Kb8 30.b3 e6 31.Rf6 Re8 32.Rg6 Nd5 33.Rxg5 Qa5 34.Nb1 
Qxa2 35.Rh5 Red8 36.Rdh1 Qa5 37.Rh8 Qc7 38.Rxd8+ Rxd8 39.Re1 Qb6 40.Qxb6 
Nxb6 41.Nd2 1/2-1/2

[Event "50th Hastings it"]
[Site "Hastings ENG"]
[Date "1975.01.09"]
[Round "11"]
[White "Diesen, Mark"]
[Black "Botterill, George Steven"]
[Result "1-0"]
[WhiteElo "2295"]
[BlackElo "2410"]
[EventDate "1974.12.28"]
[PlyCount "65"]

1.e4 d6 2.d4 g6 3.Nf3 Bg7 4.Nc3 Nf6 5.Be2 O-O 6.O-O c6 7.h3 Qc7 8.a4 a5 9.
Bg5 h6 10.Bf4 Nh5 11.Be3 e5 12.Qd2 Kh7 13.Rad1 Na6 14.Nh2 Nf6 15.f4 exd4 
16.Bxd4 Nb4 17.f5 g5 18.h4 gxh4 19.Rf4 Qe7 20.Rxh4 Rh8 21.Rf1 c5 22.Be3 d5
23.Bxh6 Nxe4 24.Bg5+ Kg8 25.Rxe4 Bd4+ 26.Qxd4 Qf8 27.Rg4 cxd4 28.Bf6+ Kh7 
29.Rh4+ Qh6 30.Rxh6+ Kxh6 31.Bxh8 dxc3 32.Bxc3 Nxc2 33.Ng4+ 1-0

[Event "50th Hastings it"]
[Site "Hastings ENG"]
[Date "1975.01.09"]
[Round "11"]
[White "Hartston, William Roland"]
[Black "Mestel, Andrew Jonathan"]
[Result "1/2-1/2"]
[WhiteElo "2480"]
[BlackElo "2270"]
[EventDate "1974.12.28"]
[WhiteTitle "IM"]
[PlyCount "42"]

1.g3 Nf6 2.Bg2 g6 3.c4 Bg7 4.Nc3 O-O 5.e3 c6 6.Nge2 d5 7.cxd5 cxd5 8.d4 e6
9.O-O b6 10.b3 Nc6 11.Ba3 Re8 12.Rc1 Qd7 13.Nf4 Bb7 14.h4 Rac8 15.Re1 Ba6 
16.Bh3 Qb7 17.Bg2 Red8 18.Nd3 Qd7 19.Bf1 Qb7 20.Bg2 Qd7 21.Bf1 Qb7 1/2-1/2

[Event "50th Hastings it"]
[Site "Hastings ENG"]
[Date "1975.01.09"]
[Round "11"]
[White "Miles, Anthony John"]
[Black "Benko, Pal"]
[Result "1/2-1/2"]
[WhiteElo "2410"]
[BlackElo "2510"]
[EventDate "1974.12.28"]
[WhiteTitle "IM"]
[BlackTitle "GM"]
[PlyCount "42"]

1.Nf3 Nf6 2.g3 g6 3.b3 Bg7 4.Bb2 c5 5.c4 O-O 6.Bg2 Nc6 7.O-O d6 8.Nc3 Ne4 
9.Qc2 Nxc3 10.Bxc3 Bf5 11.d3 Nd4 12.Nxd4 cxd4 13.Bd2 Qd7 14.b4 Bh3 15.Bxh3
Qxh3 16.Qa4 a6 17.Qa5 Qd7 18.a4 Rfc8 19.Qg5 f5 20.Qf4 d5 21.cxd5 Qxd5 
1/2-1/2

[Event "50th Hastings it"]
[Site "Hastings ENG"]
[Date "1975.01.09"]
[Round "11"]
[White "Planinc, Albin"]
[Black "Gonzales, Guillermo Garcia"]
[Result "1-0"]
[WhiteElo "2545"]
[BlackElo "2450"]
[EventDate "1974.12.28"]
[WhiteTitle "GM"]
[PlyCount "65"]

1.e4 d6 2.d4 g6 3.Nf3 Nf6 4.Nc3 Bg7 5.Be2 O-O 6.O-O Nc6 7.d5 Nb8 8.Be3 Bg4
9.Nd2 Bxe2 10.Qxe2 c6 11.a4 Qc8 12.Rfd1 Na6 13.Nc4 Nb4 14.Rd2 cxd5 15.exd5
Qf5 16.Rad1 Rfc8 17.f3 Nh5 18.g4 Nf4 19.Qf1 Qg5 20.Ne4 Qh6 21.c3 Na6 22.
Kh1 Nc5 23.Nxc5 dxc5 24.d6 exd6 25.Nxd6 Rc7 26.Qc4 Be5 27.Qe4 Re7 28.Nxf7 
Kxf7 29.Rd7 Rxd7 30.Rxd7+ Kf6 31.Qxb7 Qf8 32.h4 Qe8 33.Qc6+ 1-0

[Event "50th Hastings it"]
[Site "Hastings ENG"]
[Date "1975.01.09"]
[Round "11"]
[White "Vaganian, Rafael"]
[Black "Csom, Istvan"]
[Result "1-0"]
[WhiteElo "2540"]
[BlackElo "2540"]
[EventDate "1974.12.28"]
[WhiteTitle "GM"]
[BlackTitle "GM"]
[PlyCount "111"]

1.d4 Nf6 2.c4 e6 3.Nf3 d5 4.Nc3 Be7 5.Bg5 Nbd7 6.e3 O-O 7.Rc1 a6 8.c5 Ne4 
9.Bxe7 Qxe7 10.Nxe4 dxe4 11.Nd2 f5 12.c6 bxc6 13.Rxc6 e5 14.Re6 Qb4 15.Qb3
Qxb3 16.Nxb3 exd4 17.Nxd4 Nb6 18.Rc6 f4 19.exf4 Rxf4 20.Rxc7 Rf6 21.Be2 
Rd6 22.Rc6 Rxc6 23.Nxc6 Bd7 24.Nd4 Rd8 25.b3 a5 26.O-O Be8 27.Rd1 Kf7 28.
Nf5 Rxd1+ 29.Bxd1 Kf6 30.Ne3 Ke5 31.Kf1 Kd4 32.Nf5+ Kc3 33.Nxg7 Bb5+ 34.
Ke1 Nd5 35.Ne6 Nb4 36.a4 Be8 37.Ng5 Bg6 38.h4 Nd3+ 39.Kf1 Nb2 40.Bg4 e3 
41.Be6 Bd3+ 42.Ke1 Bc2 43.fxe3 Nd3+ 44.Ke2 Nc1+ 45.Kf3 Nxb3 46.Ne4+ Kb4 
47.g4 Kxa4 48.Nc3+ Kb4 49.Nd5+ Kc5 50.g5 Kd6 51.Bg8 Ke5 52.Nb6 Nd2+ 53.Ke2
Ne4 54.Nc4+ Kf5 55.Na3 Ng3+ 56.Kf3 1-0

[Event "50th Hastings it"]
[Site "Hastings ENG"]
[Date "1975.01.10"]
[Round "12"]
[White "Basman, Michael John"]
[Black "Vaganian, Rafael"]
[Result "0-1"]
[WhiteElo "2400"]
[BlackElo "2540"]
[EventDate "1974.12.28"]
[BlackTitle "GM"]
[PlyCount "70"]

1.e4 e6 2.d4 d5 3.Nc3 Bb4 4.a3 Bxc3+ 5.bxc3 dxe4 6.Qg4 Nf6 7.Qxg7 Rg8 8.
Qh6 c5 9.Ne2 Nbd7 10.a4 b6 11.a5 Bb7 12.dxc5 bxc5 13.Ng3 Ng4 14.Qf4 Qf6 
15.Rb1 Bc6 16.h3 Qxf4 17.Bxf4 Nge5 18.Bb5 Rb8 19.c4 f5 20.Kd2 Ke7 21.Kc3 
Rb7 22.Rb3 a6 23.Bxc6 Rxb3+ 24.cxb3 Nxc6 25.Rd1 Nd4 26.Be3 e5 27.Bxd4 
exd4+ 28.Kc2 Ke6 29.b4 d3+ 30.Kc3 cxb4+ 31.Kxb4 Ke5 32.Kc3 Nc5 33.Kb4 Rxg3
34.fxg3 Kd4 35.Rf1 d2 0-1

[Event "50th Hastings it"]
[Site "Hastings ENG"]
[Date "1975.01.10"]
[Round "12"]
[White "Benko, Pal"]
[Black "Diesen, Mark"]
[Result "1/2-1/2"]
[WhiteElo "2510"]
[BlackElo "2295"]
[EventDate "1974.12.28"]
[WhiteTitle "GM"]
[PlyCount "118"]

1.Nf3 d5 2.g3 Nf6 3.Bg2 c6 4.O-O Bf5 5.d3 e6 6.Nbd2 h6 7.b3 Be7 8.Bb2 O-O 
9.c4 Bh7 10.Qc2 Nbd7 11.Ne5 Nxe5 12.Bxe5 Bd6 13.Qb2 Bxe5 14.Qxe5 a5 15.a3 
Qb6 16.Qb2 e5 17.cxd5 cxd5 18.Rac1 Qd6 19.Rfd1 Rfe8 20.Bh3 d4 21.Bg2 Qd7 
22.Rc5 Rad8 23.Qc2 b6 24.Rc6 Nd5 25.Bxd5 Qxd5 26.Qc4 e4 27.Qxd5 Rxd5 28.
dxe4 Bxe4 29.Nxe4 Rxe4 30.Kf1 Rb5 31.Rd3 Rc5 32.Rxb6 Rc1+ 33.Kg2 Rc2 34.
Rb8+ Kh7 35.Rf3 f6 36.Rd8 Ra2 37.a4 Raxe2 38.Rd3 Rb2 39.R8xd4 Rxd4 40.Rxd4
Rxb3 41.Rd5 Ra3 42.Rxa5 g5 43.Ra8 h5 44.a5 Kg7 45.a6 Kh7 46.h3 Kg7 47.Kf1 
Ra2 48.f3 Kh7 49.Ke1 Kg7 50.Kd1 Rf2 51.Rc8 Ra2 52.Rc7+ Kg6 53.a7 Kf5 54.
Re7 h4 55.gxh4 gxh4 56.Rf7 Kg6 57.Rc7 Kf5 58.Kc1 Kf4 59.Kb1 Ra6 1/2-1/2

[Event "50th Hastings it"]
[Site "Hastings ENG"]
[Date "1975.01.10"]
[Round "12"]
[White "Botterill, George Steven"]
[Black "Planinc, Albin"]
[Result "0-1"]
[WhiteElo "2410"]
[BlackElo "2545"]
[EventDate "1974.12.28"]
[BlackTitle "GM"]
[PlyCount "80"]

1.e4 g6 2.d4 Bg7 3.Nc3 d6 4.f4 Nc6 5.Be3 Nf6 6.Be2 O-O 7.Nf3 e6 8.h3 b6 9.
g4 Bb7 10.g5 Nh5 11.Rg1 Ne7 12.Nh4 c5 13.Bxh5 gxh5 14.Qd2 Ng6 15.Nf3 b5 
16.dxc5 b4 17.Ne2 Bxe4 18.Nh2 dxc5 19.Bxc5 Qxd2+ 20.Kxd2 Rfc8 21.Ng3 Rxc5 
22.Nxe4 Rd8+ 23.Kc1 Nxf4 24.Nxc5 Ne2+ 25.Kb1 Nxg1 26.Nd3 e5 27.a3 b3 28.
Nc1 Rd2 29.Nf1 bxc2+ 30.Ka2 Rf2 31.Nd3 Rf3 32.Nb4 Nxh3 33.Nd2 Re3 34.Rc1 
Nxg5 35.Rxc2 h6 36.Rc8+ Kh7 37.Nc4 Re2 38.Rc7 h4 39.Rxa7 h3 40.Rd7 Re1 0-1

[Event "50th Hastings it"]
[Site "Hastings ENG"]
[Date "1975.01.10"]
[Round "12"]
[White "Hartston, William Roland"]
[Black "Andersson, Ulf"]
[Result "0-1"]
[WhiteElo "2480"]
[BlackElo "2580"]
[EventDate "1974.12.28"]
[WhiteTitle "IM"]
[BlackTitle "GM"]
[PlyCount "256"]

1.e4 c5 2.Nf3 d6 3.d4 cxd4 4.Nxd4 Nf6 5.Nc3 e6 6.Be2 a6 7.O-O Qc7 8.f4 Be7
9.Kh1 Nc6 10.Be3 Nxd4 11.Qxd4 O-O 12.Rad1 b5 13.e5 dxe5 14.fxe5 Nd7 15.Bf4
Rd8 16.Qf2 Bb7 17.a3 Bc5 18.Qh4 Nf8 19.Bd3 Ng6 20.Qh3 Bc6 21.Rde1 Bd4 22.
Ne4 Bxe4 23.Bxe4 Bxb2 24.Bg5 Bxe5 25.Bxd8 Rxd8 26.Bxg6 hxg6 27.Rd1 Rc8 28.
Rf2 Qc3 29.Qxc3 Bxc3 30.Rd7 Bf6 31.Rd6 a5 32.Ra6 a4 33.Ra5 Rc5 34.Rf3 g5 
35.Rh3 g6 36.g4 Kg7 37.Rf3 Be5 38.Ra7 Bf4 39.c3 Rd5 40.h4 Kf6 41.c4 bxc4 
42.Rxa4 e5 43.hxg5+ Kxg5 44.Rxc4 Kxg4 45.Kg2 f5 46.a4 e4 47.Ra3 Rd2+ 48.
Kf1 Bd6 49.Rac3 Be5 50.Rc2 Rd3 51.Ke2 Ra3 52.Rc1 Ra2+ 53.R1c2 Ra3 54.Rc1 
g5 55.Rg1+ Bg3 56.Rgc1 Be5 57.Rg1+ Bg3 58.Rgc1 Bf4 59.R1c3 Ra1 60.Kf2 Kh4 
61.Rc5 Bd2 62.R3c4 Kg4 63.Ke2 Bf4 64.a5 Rh1 65.Rc2 Bg3 66.Ke3 Re1+ 67.Kd4 
Rd1+ 68.Kc4 f4 69.Re5 Ra1 70.Kb3 Kf3 71.Rxg5 e3 72.Kb2 Ra4 73.Kb3 Re4 74.
a6 Re7 75.Ra5 Ra7 76.Raa2 Bf2 77.Kc4 Kg3 78.Kd3 f3 79.Rcb2 Rd7+ 80.Kc4 Ra7
81.Kd3 Rd7+ 82.Kc4 Rd8 83.a7 e2 84.Rxe2 fxe2 85.Rxe2 Bxa7 86.Re7 Bb8 87.
Re1 Kf4 88.Rf1+ Ke4 89.Re1+ Kf5 90.Rf1+ Ke6 91.Re1+ Be5 92.Rb1 Rc8+ 93.Kd3
Rc3+ 94.Ke4 Rc4+ 95.Kd3 Rd4+ 96.Ke3 Rh4 97.Kd3 Bd4 98.Kc4 Bf2+ 99.Kd3 Kd5 
100.Rb5+ Bc5 101.Rb8 Rh3+ 102.Kd2 Be3+ 103.Ke2 Bd4 104.Rd8+ Ke4 105.Re8+ 
Be5 106.Re7 Rh2+ 107.Ke1 Kd4 108.Kf1 Bf4 109.Re2 Rh8 110.Re7 Kd3 111.Kf2 
Rf8 112.Kg2 Kd4 113.Kh3 Rg8 114.Re2 Be3 115.Rg2 Rh8+ 116.Kg4 Ke4 117.Ra2 
Rg8+ 118.Kh4 Rg5 119.Ra1 Rg2 120.Ra5 Bf4 121.Rb5 Bd6 122.Ra5 Rg8 123.Ra4+ 
$2 Kf5 $19 124.Ra5+ Be5 125.Kh3 Rg3+ 126.Kh4 Rb3 127.Rd5 Rb8 128.Kh3 Rb2 
0-1

[Event "50th Hastings it"]
[Site "Hastings ENG"]
[Date "1975.01.10"]
[Round "12"]
[White "Hort, Vlastimil"]
[Black "Stean, Michael Francis"]
[Result "1/2-1/2"]
[WhiteElo "2600"]
[BlackElo "2345"]
[EventDate "1974.12.28"]
[WhiteTitle "GM"]
[PlyCount "70"]

1.d4 Nf6 2.Bg5 d5 3.Bxf6 exf6 4.e3 Bd6 5.Bd3 Nc6 6.c3 Ne7 7.Nd2 c6 8.Qc2 
Be6 9.Ne2 Qd7 10.b4 a5 11.Rb1 axb4 12.cxb4 Bf5 13.Nc1 b5 14.Rb3 O-O 15.O-O
Ra6 16.a3 Rfa8 17.Nb1 Bxd3 18.Rxd3 Nf5 19.Qe2 Re8 20.Nb3 Bb8 21.Nc5 Qd6 
22.Qh5 Ra7 23.g3 g6 24.Qf3 Qe7 25.Nd2 Nd6 26.Rc3 Bc7 27.Ncb3 Nc4 28.Nxc4 
bxc4 29.Nd2 f5 30.Nb1 Bd6 31.Rd1 Qe6 32.h4 h5 33.Rd2 Rb8 34.Rcc2 Kg7 35.
Ra2 Rba8 1/2-1/2

[Event "50th Hastings it"]
[Site "Hastings ENG"]
[Date "1975.01.10"]
[Round "12"]
[White "Mestel, Andrew Jonathan"]
[Black "Gonzales, Guillermo Garcia"]
[Result "1/2-1/2"]
[WhiteElo "2270"]
[BlackElo "2450"]
[EventDate "1974.12.28"]
[PlyCount "37"]

1.e4 e5 2.Nf3 Nc6 3.Bb5 Nge7 4.O-O a6 5.Bc4 Ng6 6.d4 Be7 7.dxe5 O-O 8.Qd5 
b5 9.Bb3 Bb7 10.Rd1 Qb8 11.Qd3 Ncxe5 12.Nxe5 Nxe5 13.Qg3 d6 14.Nc3 Kh8 15.
Bf4 Ng6 16.Nd5 Bh4 17.Qg4 Qc8 18.Qxc8 Raxc8 19.Be3 1/2-1/2

[Event "50th Hastings it"]
[Site "Hastings ENG"]
[Date "1975.01.11"]
[Round "13"]
[White "Andersson, Ulf"]
[Black "Mestel, Andrew Jonathan"]
[Result "1-0"]
[WhiteElo "2580"]
[BlackElo "2270"]
[EventDate "1974.12.28"]
[WhiteTitle "GM"]
[PlyCount "81"]

1.Nf3 Nf6 2.c4 b6 3.g3 Bb7 4.Bg2 g6 5.O-O Bg7 6.d4 c5 7.Nc3 Ne4 8.Nxe4 
Bxe4 9.Be3 d6 10.Qd2 Nc6 11.d5 Bxf3 12.Bxf3 Ne5 13.Rac1 Nxf3+ 14.exf3 O-O 
15.Rfe1 Qd7 16.Rcd1 Rfe8 17.b3 b5 18.cxb5 Qxb5 19.Bg5 Qb7 20.Re4 Bd4 21.
Rxd4 cxd4 22.Qxd4 Qb6 23.Qb2 Qb5 24.h4 Rac8 25.Be3 Rc7 26.h5 e5 27.dxe6 
Qxh5 28.Kg2 Rxe6 29.Rd3 Qb5 30.Qd2 Qc6 31.Qb4 a6 32.Qf4 f6 33.Rd4 Rc8 34.
Rb4 Rce8 35.Rc4 Qb7 36.Qd4 Rc8 37.Rb4 Qd7 38.Qd5 Kf7 39.Rb6 Ke7 40.Bd4 Rc2
41.Rxa6 1-0

[Event "50th Hastings it"]
[Site "Hastings ENG"]
[Date "1975.01.11"]
[Round "13"]
[White "Gonzales, Guillermo Garcia"]
[Black "Botterill, George Steven"]
[Result "0-1"]
[WhiteElo "2450"]
[BlackElo "2410"]
[EventDate "1974.12.28"]
[PlyCount "114"]

1.d4 g6 2.c4 Nf6 3.Nc3 d5 4.Nf3 Bg7 5.Bf4 O-O 6.Rc1 dxc4 7.e3 Be6 8.Ng5 
Bd5 9.e4 h6 10.exd5 hxg5 11.Bxg5 Nxd5 12.Bxc4 Nb6 13.Bb3 Nc6 14.d5 Na5 15.
O-O Qd7 16.Re1 Rfe8 17.Ba4 Nxa4 18.Qxa4 Qxa4 19.Nxa4 b5 20.Nc3 a6 21.b3 
Rad8 22.Bxe7 Bxc3 23.Rxc3 Rd7 24.Rce3 Rxd5 25.Kf1 Nc6 26.Bf6 Rxe3 27.Rxe3 
Kf8 28.g4 Rd6 29.g5 Rd7 30.Rc3 Ne7 31.Be5 Nd5 32.Rc5 Ke7 33.f4 Ke6 34.Ke2 
Nb4 35.Bxc7 Rd5 36.Rc1 Nxa2 37.Ra1 Nb4 38.Be5 Kf5 39.Bc3 Nd3 40.Rxa6 Nxf4+
41.Ke1 Kxg5 42.Ra7 Rf5 43.Ra8 Kg4 44.Rh8 Nh5 45.Ba5 Kh3 46.Bc7 Rc5 47.Bb8 
Kg4 48.Rd8 f5 49.Rd2 g5 50.Bd6 Rc1+ 51.Kf2 Nf6 52.Ke3 Rc3+ 53.Kd4 Rxb3 54.
Rg2+ Kh5 55.Ke5 Kg6 56.h4 Ng4+ 57.Kd4 gxh4 0-1

[Event "50th Hastings it"]
[Site "Hastings ENG"]
[Date "1975.01.11"]
[Round "13"]
[White "Stean, Michael Francis"]
[Black "Csom, Istvan"]
[Result "1/2-1/2"]
[WhiteElo "2345"]
[BlackElo "2540"]
[EventDate "1974.12.28"]
[BlackTitle "GM"]
[PlyCount "67"]

1.e4 c5 2.Nf3 d6 3.d4 Nf6 4.Nc3 cxd4 5.Nxd4 Nc6 6.Bg5 e6 7.Qd2 a6 8.O-O-O 
h6 9.Be3 Bd7 10.f4 Qc7 11.Bd3 b5 12.Rhe1 Be7 13.Bxb5 axb5 14.Ndxb5 Qb8 15.
Nxd6+ Qxd6 16.Qxd6 Bxd6 17.Rxd6 Na5 18.b3 Rc8 19.Kb2 Rxc3 20.Kxc3 Nxe4+ 
21.Kb4 Nc6+ 22.Rxc6 Bxc6 23.a4 Kd7 24.a5 Kc7 25.c4 Kb7 26.a6+ Kxa6 27.Ra1+
Kb7 28.Ra7+ Kc8 29.Rxf7 Nd6 30.Rxg7 Nf5 31.Rg6 Kd7 32.Bc5 h5 33.Kc3 Ra8 
34.Rg5 1/2-1/2

[Event "50th Hastings it"]
[Site "Hastings ENG"]
[Date "1975.01.11"]
[Round "13"]
[White "Vaganian, Rafael"]
[Black "Hartston, William Roland"]
[Result "1/2-1/2"]
[WhiteElo "2540"]
[BlackElo "2480"]
[EventDate "1974.12.28"]
[WhiteTitle "GM"]
[BlackTitle "IM"]
[PlyCount "48"]

1.d4 Nf6 2.c4 g6 3.Nc3 d5 4.cxd5 Nxd5 5.e4 Nxc3 6.bxc3 Bg7 7.Bc4 O-O 8.Ne2
b6 9.O-O Bb7 10.f3 Nc6 11.Be3 e6 12.Rc1 Qd6 13.Qd2 Rfd8 14.Rfd1 Qa3 15.Bh6
Na5 16.Bd3 c5 17.Ng3 cxd4 18.Bxg7 Kxg7 19.Qg5 dxc3 20.e5 Nc6 21.Nh5+ Kf8 
22.Qh6+ Ke7 23.Qg5+ Kf8 24.Qh6+ Ke7 1/2-1/2

[Event "50th Hastings it"]
[Site "Hastings ENG"]
[Date "1975.01.12"]
[Round "14"]
[White "Andersson, Ulf"]
[Black "Vaganian, Rafael"]
[Result "1/2-1/2"]
[WhiteElo "2580"]
[BlackElo "2540"]
[EventDate "1974.12.28"]
[WhiteTitle "GM"]
[BlackTitle "GM"]
[PlyCount "57"]

1.Nf3 Nf6 2.g3 d5 3.Bg2 c6 4.b3 Bg4 5.Bb2 Nbd7 6.O-O Bxf3 7.Bxf3 e5 8.d3 
Bc5 9.e3 Qe7 10.c4 e4 11.Bg2 Rd8 12.cxd5 cxd5 13.dxe4 dxe4 14.Qc2 O-O 15.
Nd2 Rfe8 16.Rac1 b6 17.Rfd1 h5 18.h3 Qe6 19.Qc4 Qf5 20.b4 Bd6 21.Nb3 Ne5 
22.Bxe5 Bxe5 23.Nd4 Bxd4 24.Rxd4 Rc8 25.Qf1 Qe6 26.Rxc8 Rxc8 27.Qb1 Rc4 
28.Rxc4 Qxc4 29.Qb2 1/2-1/2

[Event "50th Hastings it"]
[Site "Hastings ENG"]
[Date "1975.01.12"]
[Round "14"]
[White "Basman, Michael John"]
[Black "Stean, Michael Francis"]
[Result "1-0"]
[WhiteElo "2400"]
[BlackElo "2345"]
[EventDate "1974.12.28"]
[PlyCount "73"]

1.e4 c5 2.Nc3 Nc6 3.Bb5 g6 4.f4 Bg7 5.Nf3 Nd4 6.Bd3 Nf6 7.O-O O-O 8.b3 d6 
9.Qe1 Bd7 10.Kh1 Bc6 11.a4 Nh5 12.Nxd4 cxd4 13.Ne2 f5 14.exf5 gxf5 15.Qh4 
Qe8 16.Bb2 Qg6 17.Qh3 e5 18.fxe5 dxe5 19.Ba3 Rf6 20.Be7 e4 21.Bc4+ Kh8 22.
Bxf6 Nxf6 23.Qxf5 Qh6 24.Nf4 Re8 25.Bb5 e3 26.Bxc6 bxc6 27.dxe3 dxe3 28.
Rae1 Ne4 29.Rxe3 Nf2+ 30.Rxf2 Rxe3 31.Qc8+ Bf8 32.Nd3 Kg8 33.h3 Qd6 34.
Qg4+ Bg7 35.Qc4+ Kh8 36.Rf7 Qg3 37.Qf4 1-0

[Event "50th Hastings it"]
[Site "Hastings ENG"]
[Date "1975.01.12"]
[Round "14"]
[White "Benko, Pal"]
[Black "Gonzales, Guillermo Garcia"]
[Result "1-0"]
[WhiteElo "2510"]
[BlackElo "2450"]
[EventDate "1974.12.28"]
[WhiteTitle "GM"]
[PlyCount "87"]

1.c4 Nf6 2.Nf3 c5 3.Nc3 d5 4.cxd5 Nxd5 5.e4 Nb4 6.Bc4 Nd3+ 7.Ke2 Nxc1+ 8.
Rxc1 Nc6 9.Bb5 Bd7 10.d4 cxd4 11.Nxd4 e6 12.Nxc6 bxc6 13.Ba4 Bc5 14.Qd3 
Rb8 15.Rc2 e5 16.Nd1 Qe7 17.Ne3 O-O 18.Rxc5 Qxc5 19.Qxd7 Rxb2+ 20.Kf3 f5 
21.Bb3+ Kh8 22.exf5 g6 23.g4 Qb4 24.Bc4 Rd2 25.Qe6 Qc3 26.Rd1 Rd4 27.Kg2 
gxf5 28.gxf5 e4 29.Rxd4 Qxd4 30.Qe7 Qg7+ 31.Qxg7+ Kxg7 32.Kg3 Rd8 33.Kf4 
Rd2 34.Ng4 Rd4 35.f6+ Kf8 36.Ne3 Rd2 37.Ng4 Rd4 38.Ne5 Rd2 39.Kg3 c5 40.
Be6 Ke8 41.Bb3 Rd6 42.f7+ Ke7 43.Kf4 Rf6+ 44.Kxe4 1-0

[Event "50th Hastings it"]
[Site "Hastings ENG"]
[Date "1975.01.12"]
[Round "14"]
[White "Csom, Istvan"]
[Black "Miles, Anthony John"]
[Result "1/2-1/2"]
[WhiteElo "2540"]
[BlackElo "2410"]
[EventDate "1974.12.28"]
[WhiteTitle "GM"]
[BlackTitle "IM"]
[PlyCount "52"]

1.Nf3 Nf6 2.c4 c5 3.g3 d5 4.Bg2 Nc6 5.cxd5 Nxd5 6.O-O e5 7.d3 Be7 8.b3 O-O
9.Bb2 f6 10.a3 Be6 11.e3 Qd7 12.Qc2 Rac8 13.Nbd2 Rfd8 14.Rfd1 Bf8 15.Rac1 
b6 16.Ba1 Nde7 17.Bf1 Bg4 18.Be2 Ng6 19.Qc4+ Be6 20.Qc2 Bg4 21.Qc4+ Be6 
22.Qc2 Kh8 23.Ne1 Qf7 24.Qb2 Be7 25.Bf3 Bd7 26.Qb1 f5 1/2-1/2

[Event "50th Hastings it"]
[Site "Hastings ENG"]
[Date "1975.01.12"]
[Round "14"]
[White "Hort, Vlastimil"]
[Black "Diesen, Mark"]
[Result "1-0"]
[WhiteElo "2600"]
[BlackElo "2295"]
[EventDate "1974.12.28"]
[WhiteTitle "GM"]
[PlyCount "83"]

1.d4 Nf6 2.c4 c5 3.d5 b5 4.cxb5 a6 5.bxa6 Bxa6 6.Nc3 d6 7.Nf3 g6 8.g3 Bg7 
9.Bh3 O-O 10.O-O Qb6 11.Rb1 Bc8 12.Bxc8 Rxc8 13.e4 Nbd7 14.h3 h6 15.Bd2 
Qa6 16.Re1 Nb6 17.b3 Nfd7 18.Re2 Rcb8 19.Kg2 Ne5 20.Nxe5 Bxe5 21.Rc1 Bg7 
22.Rc2 Nd7 23.Na4 Ne5 24.f4 Nd3 25.Rc4 Nb2 26.Nxb2 Bxb2 27.Bc1 Bd4 28.h4 
e6 29.dxe6 fxe6 30.Qc2 Qb7 31.Kh2 Qf7 32.Qd3 d5 33.Rcc2 h5 34.Be3 Rb4 35.
exd5 exd5 36.Bxd4 Rxd4 37.Qe3 Rd1 38.Qxc5 d4 39.Red2 Rxd2+ 40.Rxd2 d3 41.
Qd6 Qf5 42.a4 1-0

[Event "50th Hastings it"]
[Site "Hastings ENG"]
[Date "1975.01.12"]
[Round "14"]
[White "Mestel, Andrew Jonathan"]
[Black "Botterill, George Steven"]
[Result "0-1"]
[WhiteElo "2270"]
[BlackElo "2410"]
[EventDate "1974.12.28"]
[PlyCount "146"]

1.d4 g6 2.e4 d6 3.Nc3 Bg7 4.Nf3 Nf6 5.Be2 O-O 6.O-O Bg4 7.Bg5 h6 8.Be3 Nc6
9.Qd2 Kh7 10.Rad1 e5 11.dxe5 dxe5 12.Qc1 Qe7 13.Nd5 Nxd5 14.Rxd5 Bxf3 15.
Bxf3 Nd4 16.Bxd4 exd4 17.e5 Rfd8 18.Rxd8 Rxd8 19.Bxb7 Qxe5 20.Qe1 Rb8 21.
Qxe5 Bxe5 22.Bd5 Rxb2 23.Bb3 Kg7 24.g3 c5 25.Kg2 a5 26.Kf3 f5 27.Rc1 g5 
28.h3 Kf6 29.Ke2 a4 30.Bd5 Bc7 31.Kd3 Ba5 32.a3 Ke5 33.Bc6 c4+ 34.Kxc4 Bd2
35.Rd1 Rxc2+ 36.Kb5 Bc3 37.f3 Kd6 38.Ba8 Rb2+ 39.Ka6 Rb3 40.g4 Ke5 41.Bc6 
Rxa3 42.Kb5 Kd6 43.Be8 Bb2 44.Rd2 Re3 45.Rxb2 Rxe8 46.Kc4 Ra8 47.Kxd4 a3 
48.Ra2 Ra4+ 49.Kc3 Ke5 50.Kd3 Kf4 51.Ke2 Ra6 52.Kf2 Ra5 53.Ke2 Re5+ 54.Kf2
fxg4 55.Rxa3 g3+ 56.Kg2 Re2+ 57.Kg1 Rh2 58.Ra6 Rxh3 59.Rf6+ Ke5 60.Rf8 Rh2
61.Rg8 h5 62.Rg7 Kf4 63.Rf7+ Ke3 64.Rf5 h4 65.Rxg5 Kxf3 66.Ra5 Rb2 67.Ra3+
Kg4 68.Ra4+ Kh3 69.Ra1 Rb3 70.Rc1 g2 71.Ra1 Kg3 72.Rc1 Rf3 73.Rc3 h3 0-1

[Event "50th Hastings it"]
[Site "Hastings ENG"]
[Date "1975.01.14"]
[Round "15"]
[White "Diesen, Mark"]
[Black "Csom, Istvan"]
[Result "0-1"]
[WhiteElo "2295"]
[BlackElo "2540"]
[EventDate "1974.12.28"]
[BlackTitle "GM"]
[PlyCount "79"]

1.e4 c5 2.Nf3 d6 3.Bb5+ Nd7 4.d4 Nf6 5.Nc3 cxd4 6.Qxd4 e5 7.Qd1 h6 8.a4 
Be7 9.Nh4 a6 10.Bc4 Nc5 11.Qf3 Bg4 12.Qe3 Rc8 13.Ba2 Nfxe4 14.Nxe4 Bxh4 
15.Nxc5 Qa5+ 16.c3 Qxc5 17.Qxc5 Rxc5 18.Be3 Rc7 19.Bd5 Ke7 20.Bb6 Rd7 21.
c4 Be6 22.Rd1 Rc8 23.b3 Bxd5 24.Rxd5 Rc6 25.Be3 Ke6 26.Ke2 Bd8 27.Kd3 Bb6 
28.g4 Bc5 29.Rf1 b5 30.axb5 axb5 31.Bxc5 Rxc5 32.Rxc5 dxc5+ 33.Ke3 bxc4 
34.bxc4 Rd4 35.Ra1 Rxg4 36.Ra6+ Kf5 37.Ra7 Kg6 38.Kd3 Rd4+ 39.Kc3 Rf4 40.
Rc7 0-1

[Event "50th Hastings it"]
[Site "Hastings ENG"]
[Date "1975.01.14"]
[Round "15"]
[White "Miles, Anthony John"]
[Black "Basman, Michael John"]
[Result "1-0"]
[WhiteElo "2410"]
[BlackElo "2400"]
[EventDate "1974.12.28"]
[WhiteTitle "IM"]
[PlyCount "37"]

1.e4 c5 2.Nf3 b6 3.d4 cxd4 4.Nxd4 Bb7 5.Nc3 Nf6 6.Bd3 Qc8 7.O-O g6 8.Bg5 
Bg7 9.Qe2 Nc6 10.Nxc6 Qxc6 11.Rad1 O-O-O 12.Ba6 h6 13.Nd5 Bxa6 14.Qxa6+ 
Kb8 15.Bf4+ d6 16.Nxe7 Qxe4 17.Rfe1 Qxf4 18.Rd4 Qg5 19.Rc4 1-0

[Event "50th Hastings it"]
[Site "Hastings ENG"]
[Date "1975.01.14"]
[Round "15"]
[White "Vaganian, Rafael"]
[Black "Mestel, Andrew Jonathan"]
[Result "1-0"]
[WhiteElo "2540"]
[BlackElo "2270"]
[EventDate "1974.12.28"]
[WhiteTitle "GM"]
[PlyCount "127"]

1.d4 g6 2.e4 Bg7 3.c4 d6 4.Nc3 e5 5.Nge2 exd4 6.Nxd4 Nc6 7.Be3 Nge7 8.h4 
f5 9.h5 fxe4 10.Nxe4 Nf5 11.Bg5 Qd7 12.Nf6+ Bxf6 13.Bxf6 O-O 14.Nxf5 Qxf5 
15.Bd4 Qe4+ 16.Be3 Nb4 17.Rc1 Bf5 18.Qb3 c5 19.f3 Qe5 20.Kf2 Rae8 21.Bh6 
Rf7 22.a3 g5 23.Bxg5 Bd3 24.Bh6 Qf6 25.Bxd3 Qxh6 26.axb4 Qe3+ 27.Kg3 Rg7+ 
28.Kh3 Qf4 29.Bg6 hxg6 30.g3 Qg5 31.Qd3 gxh5 32.Qd5+ Qxd5 33.cxd5 cxb4 34.
Rhe1 Rf8 35.f4 Rf5 36.Red1 h4 37.Kxh4 Rf6 38.Kh3 Rfg6 39.Rd3 a5 40.Rc8+ 
Kh7 41.Ra8 Rh6+ 42.Kg2 b6 43.Rb8 Re7 44.b3 Re2+ 45.Kf3 Rhh2 46.Rxb6 Rd2 
47.Rxd2 Rxd2 48.Rxd6 Rd3+ 49.Kg4 Rxb3 50.Ra6 Ra3 51.d6 Rd3 52.Rxa5 Rxd6 
53.Rb5 Rd4 54.Kg5 Rd3 55.g4 b3 56.f5 Rg3 57.Rb7+ Kg8 58.Kh5 Kf8 59.g5 Rc3 
60.Kg6 Rc6+ 61.f6 Rc8 62.Rxb3 Kg8 63.Rb7 Ra8 64.Rg7+ 1-0